000 00735 a2200205 4500
010 _aENG-89308
020 _a8176256242
_c300.00
035 _aEN-72841
037 _bDBAD / PUB
082 1 4 _a323
090 _c10741
_d10741
100 1 _aMehra, Shweta
245 1 _aHuman rights:
_ba Gandhian perspective/
_cby Shweta Mehra
260 _aNew Delhi
_bSarup & Sons
_c2006
270 _a4740/23, Ansari Road, Darya Ganj
_bNew Delhi
_cDelhi
_e110002
_k2328129
_l23277098
_msarupandsonsin@hotmail.com
300 _a109 p.
_c22 cm ( Hb.)
500 _aIncludes bibliographical references and index
942 _adpl
_cEN
_k323 / MEH
999 _c10445
_d10445